000 00434nam a22001695i 4500
008 210225s2021 mou 000 0 eng
020 _a9780323639156
050 _aR121
_b.M43
100 _aToole Marie T.
245 0 0 _aMosby's medical dictionary /
_cMarie T. O'Toole.
250 _a11.
260 _aMissouri
_bElsevier
_c2022
300 _apages cm
650 _aMedicine-Dictionary
700 1 _aO'Toole, Marie T.,
942 _cBK
999 _c2350
_d2350